Le Vergini Suicide

Αποθηκεύτηκε σε:
Λεπτομέρειες βιβλιογραφικής εγγραφής
Κύριος συγγραφέας: Jeffrey Eugenides
Μορφή: Βιβλίο
Γλώσσα:Άγνωστη γλώσσα
Έκδοση: Oscar Mondatori
Ετικέτες: Προσθήκη ετικέτας
Δεν υπάρχουν, Καταχωρήστε ετικέτα πρώτοι!

MARC

LEADER 00000nam a2200000Ia 4500
001 R-1317
003 CODICE-MESSINA
005 20260212102505.0
008 260211s9999 xx 000 0 und d
040 |c importazione_messina 
100 |a Jeffrey Eugenides 
245 0 |a Le Vergini Suicide 
260 |b Oscar Mondatori 
942 |2 ddc  |c BK 
952 |0 0  |1 0  |2 ddc  |4 0  |6 SCAFFALE_12_000000000000000__ROMANZI  |7 0  |9 32150  |a ME  |b ME  |d 2026-02-11  |l 0  |o SCAFFALE 12 - ROMANZI  |p R-1317  |r 2026-02-11 23:53:00  |w 2026-02-11  |x [REVISIONARE]  |y BK 
999 |c 27817  |d 27817